La philosophie au moyen age : des origines patristiques a la fin du XIVe siècle /

محفوظ في:

المؤلف الرئيسي: Gilson, Étienne,‏ 1884-1978 (مؤلف)

التنسيق: كتاب

اللغة: French

منشور في: Paris : Payot, 1952.

الطبعة: Deuxième edition revue et augmentée.

سلاسل: Bibliothèque historique.

الموضوعات:

الوسوم: إضافة وسم

لا توجد وسوم, كن أول من يضع وسما على هذه التسجيلة!

رقم الطلب: B721 .G5 1952

LEADER 00771nam a2200241Ki 4500
001 7558
003 OSt
005 20250914094603.0
008 130303s1952 fr b 001 0 fre d
040 |c ARCE Library 
050 4 |a B721 .G5 1952 
100 1 |a Gilson, Étienne,‏  |d 1884-1978,  |e author  |9 30795 
245 1 3 |a La philosophie au moyen age :  |b des origines patristiques a la fin du XIVe siècle /  |c Étienne Gilson. 
250 |a Deuxième edition revue et augmentée. 
264 1 |a Paris :  |b Payot,  |c 1952. 
300 |a 782 pages ;  |c 22 cm. 
490 0 |a Bibliothèque historique. 
504 |a Includes bibliographical references and index. 
650 0 |a Philosophy, Medieval. 
650 0 |a Philosophers, Medieval. 
901 |a reviewed 
942 |c BK  |2 lcc 
999 |c 9181  |d 9181